[Event "BEL-chT 2223"]
[Site "Belgium"]
[Date "2023.04.16"]
[Round "10.2"]
[White "Timmerman, Gert Jan"]
[Black "Meessen, Rudolf"]
[Result "1-0"]
[WhiteElo "2180"]
[BlackElo "2149"]
[PlyCount "121"]
[EventDate "2022.09.25"]
[EventType "team-tourn"]
[EventRounds "11"]
[EventCountry "BEL"]
[SourceTitle "EXT 2024"]
[Source "ChessBase"]
[SourceDate "2023.10.10"]
[SourceVersion "1"]
[SourceVersionDate "2023.10.10"]
[SourceQuality "1"]
[WhiteTeam "Oostende"]
[BlackTeam "Eupen Rochade"]
[WhiteTeamCountry "BEL"]
[BlackTeamCountry "BEL"]

1. e4 c5 2. Nf3 Nc6 3. d4 cxd4 4. Nxd4 g6 5. Nc3 Bg7 6. Nb3 Nf6 7. Be2 0-0 8. 0-0 d6 9. Bg5 a6 10. a4 Be6 11. Kh1 h6 12. Bh4 g5 13. Bg3 d5 14. Nc5 dxe4 15. Nxe6 Qxd1 16. Raxd1 fxe6 17. Bc4 Kf7 18. f4 exf3 19. Rxf3 Rfd8 20. Re1 Nd4 21. Rf2 Rac8 22. Bd3 Rc5 23. Be5 Nc6 24. Bg3 Nb4 25. Be4 b5 26. axb5 axb5 27. Bf3 Rd7 28. Bg4 Rc6 29. h3 Nxc2 30. Rxc2 b4 31. Rf2 bxc3 32. bxc3 Rd3 33. Be5 Ke8 34. Bf3 Rc4 35. Bd4 Kd7 36. Ra2 Rc7 37. Be2 Rdxc3 38. Bb5+ R3c6 39. Be5 Ne8 40. Rd1+ Kc8 41. Bxc6 Rxc6 42. Ra8+ Kb7 43. Rb8+ Ka7 44. Ra1+ Ra6 45. Rxa6+ Kxa6 46. Rxe8 Bxe5 47. Rxe7 Kb5 48. Rxe6 Bg7 49. Rg6 Bf8 50. Rg8 Be7 51. Rh8 Kc5 52. Rxh6 Kd5 53. g3 Ke5 54. Kg2 Kf5 55. Kf3 Bf6 56. Rh7 Bb2 57. Rb7 Bd4 58. Rb5+ Kg6 59. Kg4 Be3 60. Rd5 Kf6 61. Rd6+ 1-0

[Event "BEL-chT 2223"]
[Site "Belgium"]
[Date "2022.10.16"]
[Round "2.4"]
[White "Timmerman, Gert Jan"]
[Black "Leenaerts, Robin"]
[Result "1/2-1/2"]
[WhiteElo "2180"]
[BlackElo "2224"]
[PlyCount "156"]
[EventDate "2022.09.25"]
[EventType "team-tourn"]
[EventRounds "11"]
[EventCountry "BEL"]
[SourceTitle "EXT 2024"]
[Source "ChessBase"]
[SourceDate "2023.10.10"]
[SourceVersion "1"]
[SourceVersionDate "2023.10.10"]
[SourceQuality "1"]
[WhiteTeam "Oostende"]
[BlackTeam "Brasschaat"]
[WhiteTeamCountry "BEL"]
[BlackTeamCountry "BEL"]

1. e4 c5 2. Nf3 Nc6 3. d4 cxd4 4. Nxd4 Nf6 5. Nc3 e5 6. Ndb5 d6 7. Bg5 a6 8. Na3 b5 9. Nd5 Be7 10. Bxf6 Bxf6 11. c3 Bg5 12. Be2 0-0 13. 0-0 Be6 14. Nc2 Rb8 15. Qd3 Qd7 16. Rad1 Rfd8 17. Qg3 h6 18. h4 Be7 19. Nce3 Kh8 20. Bg4 b4 21. Nf5 Bf8 22. Bh3 bxc3 23. bxc3 Qa7 24. Rd2 Na5 25. Qd3 g6 26. Nfe3 Bxh3 27. gxh3 Nb7 28. Nb4 Nc5 29. Qd5 Qd7 30. Nc6 Qxh3 31. Nxb8 Rxb8 32. Ng2 Qxc3 33. Re2 Qd3 34. Qxd3 Nxd3 35. Rd1 Nc5 36. f3 h5 37. Rdd2 Rb1+ 38. Kh2 a5 39. Rb2 Rf1 40. Rf2 Ra1 41. Rfd2 Kh7 42. Rb8 Bh6 43. Re2 Rf1 44. Kg3 f5 45. Ne1 fxe4 46. Kg2 exf3+ 47. Kxf1 fxe2+ 48. Kxe2 e4 49. Ng2 Bg7 50. Rd8 Be5 51. Ke3 Kh6 52. a3 a4 53. Rc8 Kg7 54. Nf4 Bb2 55. Nd5 Bc1+ 56. Ke2 Bxa3 57. Rc7+ Kh6 58. Rc6 Bb2 59. Rxd6 a3 60. Nb4 Nd3 61. Na2 Nf4+ 62. Ke3 Ng2+ 63. Kxe4 Nxh4 64. Ra6 Ng2 65. Nb4 h4 66. Kf3 Ne1+ 67. Kf2 Bd4+ 68. Kxe1 Bc3+ 69. Kf1 Bxb4 70. Ra4 Be7 71. Ra7 Bf8 72. Ra8 Kg7 73. Kg2 Be7 74. Ra6 Kf7 75. Kh3 g5 76. Kg4 Ke8 77. Ra7 Bc5 78. Ra5 Be7 1/2-1/2

[Event "BEL-chT 2122"]
[Site "Belgium"]
[Date "2022.03.13"]
[Round "9.4"]
[White "Levin, Felix"]
[Black "Timmerman, Gert Jan"]
[Result "1-0"]
[WhiteElo "2472"]
[BlackElo "2204"]
[PlyCount "24"]
[EventDate "2021.10.24"]
[EventType "team-tourn"]
[EventRounds "11"]
[EventCountry "BEL"]
[SourceTitle "EXT 2023"]
[Source "ChessBase"]
[SourceDate "2022.10.05"]
[SourceVersion "1"]
[SourceVersionDate "2022.10.05"]
[SourceQuality "1"]
[WhiteTeam "Wirtzfeld"]
[BlackTeam "Oostende"]
[WhiteTeamCountry "BEL"]
[BlackTeamCountry "BEL"]

1. d4 d5 2. c4 e6 3. Nc3 f5 4. Nf3 Nf6 5. Bf4 c6 6. e3 Be7 7. Bd3 0-0 8. 0-0 Ne4 9. h3 b6 10. Rc1 Bb7 11. cxd5 exd5 12. Ne5 Nd7 1-0

[Event "BEL-chT 2122"]
[Site "Belgium"]
[Date "2022.02.20"]
[Round "8.3"]
[White "Lai, Hing Ting"]
[Black "Timmerman, Gert Jan"]
[Result "1-0"]
[WhiteElo "2439"]
[BlackElo "2204"]
[PlyCount "89"]
[EventDate "2021.10.24"]
[EventType "team-tourn"]
[EventRounds "11"]
[EventCountry "BEL"]
[SourceTitle "EXT 2023"]
[Source "ChessBase"]
[SourceDate "2022.10.05"]
[SourceVersion "1"]
[SourceVersionDate "2022.10.05"]
[SourceQuality "1"]
[WhiteTeam "Liege Crelel"]
[BlackTeam "Oostende"]
[WhiteTeamCountry "BEL"]
[BlackTeamCountry "BEL"]

1. d4 d5 2. c4 e6 3. Nc3 f5 4. Nf3 Nf6 5. Bf4 c6 6. e3 Be7 7. Bd3 0-0 8. 0-0 Ne4 9. h3 b6 10. Qc2 Bb7 11. Rab1 Nd7 12. b4 Nd6 13. Nd2 Nf6 14. a4 dxc4 15. Nxc4 Nxc4 16. Bxc4 Nd5 17. Be5 Bf6 18. Ne2 Qe7 19. Bxf6 Rxf6 20. Qb3 g5 21. Nc1 g4 22. h4 f4 23. exf4 Nxf4 24. Ne2 b5 25. Nxf4 bxc4 26. Qe3 Rd8 27. Qe5 Qf7 28. Qg5+ Qg7 29. Qxg7+ Kxg7 30. Nh5+ Kf7 31. Nxf6 Kxf6 32. Rfd1 Kf5 33. Kf1 Ba6 34. Ke1 Ke4 35. Rb2 Kd5 36. Kd2 g3 37. Kc3 Rf8 38. f3 Rf4 39. b5 cxb5 40. axb5 Bc8 41. Ra2 Bd7 42. Rxa7 Bxb5 43. Ra5 Kc6 44. Kb4 Rf5 45. d5+ 1-0

[Event "BEL-chT 2122"]
[Site "Belgium"]
[Date "2021.10.24"]
[Round "1.3"]
[White "Milliet, Sophie"]
[Black "Timmerman, Gert Jan"]
[Result "1-0"]
[WhiteElo "2410"]
[BlackElo "2204"]
[PlyCount "81"]
[EventDate "2021.10.24"]
[EventType "team-tourn"]
[EventRounds "11"]
[EventCountry "BEL"]
[SourceTitle "EXT 2023"]
[Source "ChessBase"]
[SourceDate "2022.10.05"]
[SourceVersion "1"]
[SourceVersionDate "2022.10.05"]
[SourceQuality "1"]
[WhiteTeam "Wachtebeke"]
[BlackTeam "Oostende"]
[WhiteTeamCountry "BEL"]
[BlackTeamCountry "BEL"]

1. e4 e5 2. Nf3 Nc6 3. Bb5 Bc5 4. c3 Nf6 5. d4 Bb6 6. 0-0 0-0 7. Bg5 h6 8. Bh4 d6 9. a4 a5 10. Re1 Bg4 11. Bxc6 bxc6 12. dxe5 Bxf3 13. Qxf3 dxe5 14. Rd1 Qe7 15. Bxf6 Qxf6 16. Qxf6 gxf6 17. Nd2 Rfd8 18. Nc4 Kf8 19. Kf1 Ke7 20. Ke2 Ke6 21. g4 h5 22. h3 hxg4 23. hxg4 Rxd1 24. Rxd1 Rh8 25. Kf3 Rh2 26. Kg3 Rh8 27. f3 Ke7 28. Kg2 Ke6 29. Rd3 Rb8 30. Rd2 Ra8 31. Rd3 Rb8 32. Kf1 Rh8 33. Ke2 Rh2+ 34. Kd1 Ke7 35. Kc1 Rh1+ 36. Kc2 Ra1 37. Rd1 Rxd1 38. Kxd1 Kd7 39. Kc2 c5 40. Kd3 Kc6 41. Ne3 1-0

[Event "Delft Prinsenstad op 11th"]
[Site "Delft"]
[Date "2018.03.31"]
[Round "4"]
[White "Bekedam, Tyro"]
[Black "Timmerman, Gert Jan"]
[Result "1-0"]
[WhiteElo "1921"]
[BlackElo "2194"]
[PlyCount "99"]
[EventDate "2018.03.30"]
[EventType "swiss"]
[EventRounds "6"]
[EventCountry "NED"]
[SourceTitle "CBM 183 Extra"]
[Source "ChessBase"]
[SourceDate "2018.04.19"]
[SourceVersion "1"]
[SourceVersionDate "2018.04.19"]
[SourceQuality "1"]

1. e4 e5 2. Nf3 Nc6 3. Bb5 Bc5 4. 0-0 Nf6 5. Re1 d6 6. h3 0-0 7. c3 Bb6 8. d4 Bd7 9. a4 a6 10. Bf1 h6 11. d5 Ne7 12. a5 Ba7 13. Be3 Bxe3 14. Rxe3 Ng6 15. Nbd2 Nf4 16. c4 g5 17. c5 g4 18. hxg4 Nxg4 19. Rc3 Kh7 20. Nh2 Nxh2 21. Kxh2 Qh4+ 22. Kg1 Bg4 23. Qb3 Rg8 24. Rg3 Nh5 25. Re3 Rg6 26. Nf3 Qf6 27. Nh2 Rag8 28. Nxg4 Rxg4 29. Ra3 Nf4 30. Rg3 Rxg3 31. fxg3 Nh5 32. Qf3 Qg6 33. c6 bxc6 34. dxc6 Nxg3 35. Bxa6 Nxe4 36. Bc4 Ng5 37. Qd5 e4 38. Bf1 f5 39. a6 Nf3+ 40. Rxf3 exf3 41. Qxf3 Qg4 42. Qxg4 Rxg4 43. b3 Rg8 44. b4 Kg7 45. b5 Kf6 46. b6 cxb6 47. a7 Ra8 48. c7 Ke7 49. Ba6 Kd7 50. c8Q+ 1-0

[Event "NED-chT playoff"]
[Site "Enschede"]
[Date "2004.05.21"]
[Round "2"]
[White "Timmerman, Gert Jan"]
[Black "Nijboer, Friso"]
[Result "0-1"]
[WhiteElo "2354"]
[BlackElo "2578"]
[PlyCount "80"]
[EventDate "2004.05.20"]
[EventType "team"]
[EventRounds "2"]
[EventCountry "NED"]
[SourceTitle "CBM 101"]
[Source "ChessBase"]
[SourceDate "2004.07.27"]
[SourceVersion "1"]
[SourceVersionDate "2004.07.27"]
[SourceQuality "1"]

1. e4 c5 2. Nf3 e6 3. d4 cxd4 4. Nxd4 a6 5. Nc3 b5 6. Bd3 Qb6 7. Nf3 Nc6 8. 0-0 Nge7 9. Be3 Qb8 10. Qd2 Ng6 11. Rad1 f6 12. Rfe1 Nce5 13. Nxe5 Nxe5 14. Be2 Qc7 15. Qd4 Nc6 16. Qd2 Ne5 17. Qd4 Be7 18. f4 Nf7 19. Rd2 Bb7 20. Red1 Bc6 21. Bf3 0-0 22. Ne2 Rfb8 23. Qd3 e5 24. Qb3 a5 25. a3 a4 26. Qa2 b4 27. axb4 Rxb4 28. f5 g6 29. fxg6 hxg6 30. Nc3 Qb7 31. Nd5 Bxd5 32. Rxd5 d6 33. Bc1 Kg7 34. c3 Rb3 35. R1d3 Ng5 36. Bd1 Nxe4 37. Bxb3 axb3 38. Qb1 f5 39. Be3 Ra2 40. h3 Nf6 0-1

[Event "NED-chT 0304"]
[Site "Netherlands"]
[Date "2004.04.17"]
[Round "8.9"]
[White "Timmerman, Gert Jan"]
[Black "Blees, Albert"]
[Result "0-1"]
[WhiteElo "2354"]
[BlackElo "2389"]
[PlyCount "76"]
[EventDate "2003.09.27"]
[EventType "team-tourn"]
[EventRounds "9"]
[EventCountry "NED"]
[SourceTitle "EXT 2014"]
[Source "ChessBase"]
[SourceDate "2013.11.20"]
[SourceVersion "1"]
[SourceVersionDate "2013.11.20"]
[SourceQuality "1"]
[WhiteTeam "Rotterdam"]
[BlackTeam "Breda"]
[WhiteTeamCountry "NED"]
[BlackTeamCountry "NED"]

1. e4 c5 2. Nf3 e6 3. d4 cxd4 4. Nxd4 a6 5. Nc3 d6 6. Bc4 Qa5 7. Qe2 Nf6 8. Bb3 Be7 9. Bd2 0-0 10. Nd5 Qd8 11. Nxe7+ Qxe7 12. 0-0 e5 13. Nf5 Bxf5 14. exf5 h6 15. Rad1 Nc6 16. Bc3 Rfe8 17. Rd2 Rad8 18. Rfd1 Qc7 19. a4 Nd7 20. Qg4 Nf6 21. Qf3 b5 22. axb5 axb5 23. Bd5 Nxd5 24. Rxd5 b4 25. Bd2 Nd4 26. Qg4 Qc4 27. Kh1 Qxd5 28. Bxh6 g6 29. c3 bxc3 30. bxc3 Qa5 31. fxg6 f5 32. Qh5 Ne6 33. Bg7 Kxg7 34. Qh7+ Kf6 35. Qf7+ Kg5 36. h4+ Kf4 37. Rd3 e4 38. Re3 Ke5 0-1

[Event "BEL-chT2 0304"]
[Site "Belgium"]
[Date "2004.02.01"]
[Round "8"]
[White "Timmerman, Gert Jan"]
[Black "Cools, Gorik"]
[Result "1-0"]
[WhiteElo "2354"]
[BlackElo "2308"]
[PlyCount "107"]
[EventDate "2003.12.01"]
[EventType "team-tourn"]
[EventRounds "11"]
[EventCountry "BEL"]
[SourceTitle "EXT 2005"]
[Source "ChessBase"]
[SourceDate "2004.11.15"]
[SourceVersion "1"]
[SourceVersionDate "2004.11.15"]
[SourceQuality "1"]
[WhiteTeam "Oostende"]
[BlackTeam "Temse II"]
[WhiteTeamCountry "BEL"]
[BlackTeamCountry "BEL"]

1. e4 c5 2. Nf3 d6 3. d4 cxd4 4. Nxd4 Nf6 5. Nc3 e6 6. g4 h6 7. Rg1 Nc6 8. Be3 a6 9. Be2 Qa5 10. Qd2 Nxd4 11. Qxd4 e5 12. Qb6 Qxb6 13. Bxb6 Be6 14. a4 Rc8 15. 0-0-0 Be7 16. Be3 Rxc3 17. bxc3 Nxe4 18. Kb2 d5 19. Bf3 Nf6 20. h4 e4 21. Be2 Nd7 22. Bd4 0-0 23. g5 hxg5 24. hxg5 Rc8 25. f4 exf3 26. Bxf3 Rc4 27. g6 Bf6 28. gxf7+ Kxf7 29. Bh5+ Ke7 30. Bg4 Nc5 31. Bxc5+ Rxc5 32. Rd3 Bxg4 33. Rxg4 Ke6 34. Rf3 b5 35. Kb3 bxa4+ 36. Rxa4 a5 37. c4 d4 38. Ra2 Kd6 39. Rh3 Kc6 40. Rh8 Kb7 41. Re8 g5 42. Re6 Be5 43. Rg6 Bf4 44. Ra1 Bd2 45. Rh1 a4+ 46. Kxa4 Rxc4+ 47. Kb3 Rc3+ 48. Kb2 Rc6 49. Rhh6 Rxg6 50. Rxg6 Kc7 51. Kb3 Kd7 52. Kc4 Be3 53. Kd3 Ke7 54. c3 1-0

[Event "NED-chT 0304"]
[Site "Netherlands"]
[Date "2003.12.13"]
[Round "4.7"]
[White "Timmerman, Gert Jan"]
[Black "Nieuwelink, Kees"]
[Result "1/2-1/2"]
[WhiteElo "2354"]
[BlackElo "2232"]
[PlyCount "54"]
[EventDate "2003.09.27"]
[EventType "team-tourn"]
[EventRounds "9"]
[EventCountry "NED"]
[SourceTitle "EXT 2014"]
[Source "ChessBase"]
[SourceDate "2013.11.20"]
[SourceVersion "1"]
[SourceVersionDate "2013.11.20"]
[SourceQuality "1"]
[WhiteTeam "Rotterdam"]
[BlackTeam "Sas van Gent"]
[WhiteTeamCountry "NED"]
[BlackTeamCountry "NED"]

1. e4 e5 2. Nf3 Nc6 3. d4 exd4 4. Nxd4 Nf6 5. Nc3 Bc5 6. Be3 Bb6 7. g3 0-0 8. Bg2 Ng4 9. Qxg4 Nxd4 10. 0-0-0 d6 11. Qh5 Nc6 12. Rhe1 Be6 13. f4 f6 14. Nd5 Qd7 15. h3 Ne7 16. g4 Nxd5 17. exd5 Bf7 18. Qh4 Qa4 19. Kb1 Bxe3 20. Rxe3 Qxf4 21. Rc3 Rae8 22. Rf3 Qc4 23. Bf1 Qc5 24. Rc3 Qa5 25. Ra3 Qc5 26. Rc3 Qa5 27. Ra3 Qc5 1/2-1/2

[Event "NED-chT 0304"]
[Site "Netherlands"]
[Date "2003.09.27"]
[Round "1.8"]
[White "Strating, Sybolt"]
[Black "Timmerman, Gert Jan"]
[Result "0-1"]
[WhiteElo "2299"]
[BlackElo "2354"]
[PlyCount "122"]
[EventDate "2003.09.27"]
[EventType "team-tourn"]
[EventRounds "9"]
[EventCountry "NED"]
[SourceTitle "EXT 2014"]
[Source "ChessBase"]
[SourceDate "2013.11.20"]
[SourceVersion "1"]
[SourceVersionDate "2013.11.20"]
[SourceQuality "1"]
[WhiteTeam "Amstelveen"]
[BlackTeam "Rotterdam"]
[WhiteTeamCountry "NED"]
[BlackTeamCountry "NED"]

1. d4 f5 2. g3 Nf6 3. Bg2 g6 4. Nd2 Bg7 5. e4 fxe4 6. Nxe4 Nxe4 7. Bxe4 d5 8. Bg2 c6 9. Ne2 0-0 10. 0-0 Nd7 11. Nf4 Nb6 12. Re1 Qd6 13. c3 e5 14. dxe5 Bxe5 15. Nd3 Bg7 16. Bf4 Qd8 17. Nc5 g5 18. Be3 Nc4 19. Qh5 Nxe3 20. Rxe3 Qd6 21. Nd3 Qf6 22. Rae1 Bf5 23. Qe2 d4 24. cxd4 Qxd4 25. Be4 Rad8 26. Bxf5 Rxf5 27. Re8+ Rxe8 28. Qxe8+ Rf8 29. Qe6+ Kh8 30. Re3 c5 31. Ne5 Bxe5 32. Qxe5+ Qxe5 33. Rxe5 b6 34. Rxg5 Rd8 35. Re5 Rd2 36. Re8+ Kg7 37. Re7+ Kg6 38. Rxa7 Rxb2 39. Kg2 Kf5 40. Kf3 Ke5 41. Ke3 Kd5 42. Rd7+ Kc4 43. Rd2 Kc3 44. Rd3+ Kc4 45. Ra3 b5 46. h4 b4 47. Ra5 h5 48. f3 Rg2 49. Kf4 Kd4 50. g4 hxg4 51. fxg4 c4 52. h5 c3 53. Ra8 Rxa2 54. Rxa2 b3 55. h6 c2 56. Ra4+ Kc5 57. h7 c1Q+ 58. Kf5 Qc2+ 59. Re4 Kd5 60. h8Q Qxe4+ 61. Kg5 Qe5+ 0-1

[Event "NED-chT 0203"]
[Site "Netherlands"]
[Date "2003.04.12"]
[Round "8.8"]
[White "Timmerman, Gert Jan"]
[Black "Van Delft, Merijn"]
[Result "0-1"]
[WhiteElo "2366"]
[BlackElo "2341"]
[PlyCount "152"]
[EventDate "2002.09.28"]
[EventType "team-tourn"]
[EventRounds "9"]
[EventCountry "NED"]
[SourceTitle "EXT 2015"]
[Source "ChessBase"]
[SourceDate "2014.11.20"]
[SourceVersion "1"]
[SourceVersionDate "2014.11.20"]
[SourceQuality "1"]
[WhiteTeam "VastNed Rotterdam"]
[BlackTeam "Apeldoorn"]
[WhiteTeamCountry "NED"]
[BlackTeamCountry "NED"]

1. e4 c5 2. Nf3 d6 3. d4 cxd4 4. Nxd4 Nf6 5. Nc3 Nc6 6. Be2 e5 7. Nb3 Be7 8. 0-0 0-0 9. f4 a5 10. a4 Nb4 11. Be3 Bd7 12. Kh1 Bc6 13. Bf3 Re8 14. Qd2 b6 15. Qf2 Rb8 16. Rae1 Qc7 17. Bc1 Qb7 18. Re2 Bf8 19. fxe5 dxe5 20. Bg5 Re6 21. Qg3 Rbe8 22. Ref2 Nxe4 23. Bxe4 Bxe4 24. Rxf7 Qc6 25. Qf2 Bxg2+ 26. Qxg2 Qxg2+ 27. Kxg2 Rg6 28. Ne4 h6 29. Rd7 Nxc2 30. Rc1 Nd4 31. Nxd4 exd4 32. Rxd4 hxg5 33. Rcc4 g4 34. b3 Bb4 35. Nf2 Re2 36. Kf1 Rb2 37. Nxg4 Re6 38. Re4 Rxe4 39. Rxe4 Rxb3 40. Re8+ Kf7 41. Rb8 Bc3 42. Ke2 Bd4 43. Rd8 Rb4 44. Kd3 Ba1 45. Ne3 Rxa4 46. Rb8 Rd4+ 47. Ke2 Rb4 48. Nc2 Rb1 49. Rb7+ Kg8 50. Nxa1 Rxa1 51. Rxb6 Ra2+ 52. Kf3 Rxh2 53. Ra6 Rh5 54. Kf4 Kh7 55. Kg4 Rb5 56. Kh4 Rb4+ 57. Kg5 Rb5+ 58. Kg4 g6 59. Ra8 Kg7 60. Kf4 Kh6 61. Rh8+ Kg7 62. Ra8 g5+ 63. Kg4 Kf6 64. Ra6+ Ke7 65. Kf3 Re5 66. Rc6 Kd7 67. Rc1 Kd6 68. Rc2 Kd5 69. Rc1 Kd4 70. Rc2 Kd3 71. Rc1 a4 72. Ra1 Rf5+ 73. Kg4 Ra5 74. Kf3 a3 75. Kf2 a2 76. Ke1 Kc2 0-1

[Event "NED-chT 0203"]
[Site "Netherlands"]
[Date "2003.03.15"]
[Round "7.6"]
[White "Vedder, Henk"]
[Black "Timmerman, Gert Jan"]
[Result "1/2-1/2"]
[WhiteElo "2357"]
[BlackElo "2366"]
[PlyCount "94"]
[EventDate "2002.09.28"]
[EventType "team-tourn"]
[EventRounds "9"]
[EventCountry "NED"]
[SourceTitle "EXT 2015"]
[Source "ChessBase"]
[SourceDate "2014.11.20"]
[SourceVersion "1"]
[SourceVersionDate "2014.11.20"]
[SourceQuality "1"]
[WhiteTeam "Hilversum HSG"]
[BlackTeam "VastNed Rotterdam"]
[WhiteTeamCountry "NED"]
[BlackTeamCountry "NED"]

1. e4 e5 2. Nf3 Nc6 3. d4 exd4 4. Nxd4 Bc5 5. Nb3 Bb6 6. Nc3 Qf6 7. Qe2 Nge7 8. Bd2 d6 9. f4 h5 10. g3 Bg4 11. Qg2 0-0-0 12. h3 Be6 13. 0-0-0 d5 14. f5 d4 15. Na4 Bxb3 16. Nxb6+ axb6 17. axb3 Ne5 18. h4 Rhe8 19. Bb5 c6 20. Be2 Ng4 21. Bxg4 hxg4 22. Qe2 Rd7 23. Qxg4 Ng8 24. Rhe1 Qe5 25. Kb1 Nf6 26. Qxg7 Rg8 27. Bf4 Qe7 28. Qh6 Nxe4 29. h5 f6 30. Bc1 Qe5 31. Qf4 Qxf4 32. Bxf4 Nf2 33. Rd2 Nh3 34. h6 Nxf4 35. gxf4 Rd5 36. h7 Rh8 37. Re7 Rd7 38. Rxd7 Kxd7 39. Rxd4+ Ke7 40. Rb4 b5 41. c4 Rxh7 42. cxb5 Rh5 43. bxc6 bxc6 44. Kc2 Rxf5 45. Kd3 Rh5 46. Ke4 Ke6 47. Rb8 Rh2 1/2-1/2

[Event "NED-chT 0001"]
[Site "Netherlands"]
[Date "2001.03.03"]
[Round "5.6"]
[White "Timmerman, Gert Jan"]
[Black "Roobol, Martin"]
[Result "1/2-1/2"]
[WhiteElo "2321"]
[BlackElo "2258"]
[PlyCount "84"]
[EventDate "2000.11.18"]
[EventType "team-tourn"]
[EventRounds "9"]
[EventCountry "NED"]
[SourceTitle "EXT 2002"]
[Source "ChessBase"]
[SourceDate "2001.11.25"]
[SourceVersion "1"]
[SourceVersionDate "2001.11.25"]
[SourceQuality "1"]
[WhiteTeam "Ordina Breda II"]
[BlackTeam "Leiden LSG"]
[WhiteTeamCountry "NED"]
[BlackTeamCountry "NED"]

1. e4 c5 2. Nf3 d6 3. d4 cxd4 4. Nxd4 Nf6 5. Nc3 g6 6. Be2 Bg7 7. 0-0 0-0 8. Bg5 Nc6 9. Nb3 a6 10. a4 Be6 11. Kh1 Rc8 12. f4 Na5 13. Nxa5 Qxa5 14. Bd3 Bc4 15. Qe2 Qb4 16. Rab1 Rfe8 17. Bh4 b5 18. axb5 axb5 19. Be1 Qc5 20. b3 Bxd3 21. cxd3 Nd7 22. b4 Qc6 23. d4 Bxd4 24. Nxb5 Bg7 25. Bf2 Qc4 26. Rfe1 Qxe2 27. Rxe2 Rc4 28. Na3 Rc3 29. Nb5 Rc4 30. Na7 Rb8 31. b5 Bd4 32. Nc6 Rxc6 33. Bxd4 Rc4 34. Bg1 Nc5 35. Bxc5 Rxc5 36. Reb2 Rb6 37. Rb4 f5 38. exf5 gxf5 39. Kg1 Kf7 40. Kf2 Kf6 41. R4b3 Rc2+ 42. Kf3 Rc5 1/2-1/2

[Event "NBC Millennium Email"]
[Site "Netherland"]
[Date "1999.11.03"]
[Round "?"]
[White "Andersson, Ulf"]
[Black "Timmerman, Gert Jan"]
[Result "1/2-1/2"]
[WhiteElo "2805"]
[BlackElo "2738"]
[PlyCount "115"]
[EventDate "2000.01.01"]
[EventType "tourn (corr)"]
[EventRounds "10"]
[EventCountry "NED"]
[SourceTitle "Corr 2002"]
[Source "ChessBase"]
[SourceDate "2002.05.23"]
[SourceVersion "1"]
[SourceVersionDate "2002.05.23"]
[SourceQuality "1"]

1. d4 Nf6 2. c4 g6 3. Nc3 Bg7 4. g3 0-0 5. Bg2 Nc6 6. Nf3 a6 7. 0-0 Rb8 8. Bg5 d6 9. Qd2 b5 10. cxb5 axb5 11. Rac1 Bd7 12. Ne1 b4 13. Bxf6 Bxf6 14. Nd5 Bg7 15. e3 e6 16. Nf4 Ne7 17. Ned3 e5 18. dxe5 dxe5 19. Ne2 Bb5 20. Rfd1 Qd6 21. Nc5 Rfd8 22. Qe1 Qb6 23. Rxd8+ Rxd8 24. a3 bxa3 25. bxa3 Qa7 26. Nb7 Rd7 27. Nc5 Rd8 28. Nb7 Rd7 29. Nc3 Ba6 30. Na5 Qc5 31. Nd5 Qxa3 32. Ra1 Qd3 33. Nxe7+ Rxe7 34. Nc6 Re6 35. Qa5 Bc4 36. Qxc7 Qd6 37. Qc8+ Bf8 38. Nxe5 Ba6 39. Qa8 Qxe5 40. Rxa6 Rxa6 41. Qxa6 Kg7 42. Qa2 Bd6 43. Bd5 Qf6 44. Kg2 h5 45. Qc4 g5 46. Bf3 h4 47. Qg4 Qe5 48. Bb7 Bc7 49. e4 hxg3 50. hxg3 Qf6 51. Bd5 Bb6 52. f4 Qg6 53. f5 Qf6 54. Qh5 Bc7 55. Qf3 Qb2+ 56. Kh3 Qa1 57. Bb3 Be5 58. Bd1 1/2-1/2

[Event "NBC Millennium Email"]
[Site "Netherland"]
[Date "1999.11.03"]
[Round "?"]
[White "Timmerman, Gert Jan"]
[Black "Andersson, Ulf"]
[Result "1/2-1/2"]
[WhiteElo "2738"]
[BlackElo "2805"]
[PlyCount "99"]
[EventDate "2000.01.01"]
[EventType "tourn (corr)"]
[EventRounds "10"]
[EventCountry "NED"]
[SourceTitle "Corr 2002"]
[Source "ChessBase"]
[SourceDate "2002.05.23"]
[SourceVersion "1"]
[SourceVersionDate "2002.05.23"]
[SourceQuality "1"]

1. e4 c5 2. Nf3 e6 3. d4 cxd4 4. Nxd4 Nc6 5. Nc3 a6 6. Nxc6 bxc6 7. Bd3 d5 8. 0-0 Nf6 9. Bf4 Be7 10. Re1 0-0 11. Qf3 Re8 12. e5 Nd7 13. Na4 Bb7 14. c4 Qa5 15. b3 c5 16. cxd5 Bxd5 17. Qe2 Red8 18. Rac1 Bc6 19. Nb2 Nb6 20. Bb1 g6 21. Be3 Rac8 22. Qg4 c4 23. Bxb6 Qxb6 24. Nxc4 Qb4 25. h4 Bb5 26. h5 Kg7 27. Re4 Bxc4 28. bxc4 Qd2 29. Rf1 Qh6 30. hxg6 hxg6 31. Re3 a5 32. Rh3 Qd2 33. Rf3 Qh6 34. Rh3 Qd2 35. Rf3 Qg5 36. Qxg5 Bxg5 37. Ra3 Rc5 38. f4 Be7 39. Rc3 Rcc8 40. Kf2 Rd4 41. Kf3 Bb4 42. Rd3 Rdxc4 43. Rd7 Rc3+ 44. Kg4 Re3 45. Rfd1 Rc4 46. Rb7 Be1 47. Rb3 Rcc3 48. Rxc3 Bxc3 49. Rd3 Rxd3 50. Bxd3 1/2-1/2